000 00542nam a22001937a 4500
003 NUST
005 20230126143144.0
008 190705b ||||| |||| 00| 0 eng d
038 _aAttaullah.
082 _a510
100 _aAziz, Rabia
_916798
245 _aLie Group Methods in Geometric Integration
_cRabia Aziz.
260 _aIslamabad :
_bSNS - NUST,
_c2013
300 _a37 p. : ill. ;
_c30cm.
500 _aHard Cover.
650 _aMathematics - M.Phil Thesis.
_916594
700 _aDr. Yousaf Habib.
_916140
942 _2ddc
_cTHE
999 _c525853
_d525853